00755nam a2200217 a 450000100060000000300090000600800410001502000170005604000280007308200190010110000290012024500740014926000280022330000100025165000320026165000360029365000380032994200120036799900170037995201410039623584CO-ViMGA141112s2004 ck r 000 u spa d a978844814058 aCO-ViMGAbspacCO-ViMGA04a658.4012 k156c1 aRampersad, Hubert93403610aCuadro de mando integral, personal y corporativo / cHubert Rampersad aEspaña : bMcGrawHill a394p.14aADMINISTRACION DE PERSONAL 14aCUADRO DE MANDO INTEGRAL93403714aPLANIFICACION EMPRESARIAL 916402 2ddccBK c31702d31702 00102ddc40708002aMEVIECARbMEVIECARd2015-12-04h09/may/2011l0o658.4012 k156c p24463r2015-12-04 00:00:00tEj. 1w2015-12-04yBK